[Event "Andorra op"]
[Site "Erts - La Massana"]
[Date "2013.07.28"]
[Round "9.20"]
[White "Abello, S."]
[Black "Silva Rodriguez, F."]
[Result "1/2-1/2"]
[WhiteElo "2335"]
[BlackElo "2174"]
[PlyCount "163"]
[EventDate "2013.??.??"]
[EventType "swiss"]
[EventRounds "9"]

1. d4 Nf6 2. c4 e6 3. Nc3 Bb4 4. e3 O-O 5. Nge2 d5 6. a3 Bd6 7. Ng3 Re8 8. c5
Bf8 9. f4 c6 10. Bd3 Nbd7 11. O-O b6 12. b4 a5 13. Bb2 Ba6 14. Bxa6 Rxa6 15.
Qd3 Qa8 16. Rfc1 Rc8 17. h3 Qb7 18. Qe2 b5 19. Rab1 g6 20. Qd3 Be7 21. Nf1 h5
22. Nd2 Kg7 23. Nf3 Rca8 24. Rf1 R6a7 25. Rbe1 Nb8 26. Qc2 axb4 27. axb4 Na6
28. Qb3 Nc7 29. Ne5 Rf8 30. Qc2 Na6 31. Nd3 Kh7 32. Qb3 Nc7 33. Ne5 Ne4 34. Ne2
Nd2 35. Qd3 Nxf1 36. Rxf1 Ra4 37. Ng3 f5 38. Bc3 Ne8 39. Kh2 Nf6 40. Rb1 Kg7
41. Qc2 Rfa8 42. Nd3 h4 43. Ne2 Ne4 44. Bb2 Bf6 45. Qd1 Qa6 46. Ng1 Ra2 47. Nc1
Ra4 48. Qe1 Qc8 49. Nf3 Qh8 50. Nb3 R8a6 51. Nc1 Qh5 52. Nd3 Kf8 53. Bc1 Ra2
54. Bb2 R2a4 55. Bc1 Ke7 56. Bb2 Kd8 57. Kg1 Kc7 58. Bc1 Ra8 59. Bb2 R8a7 60.
Bc1 R7a6 61. Bb2 Ra8 62. Kh2 g5 63. fxg5 Nxg5 64. Nxh4 Nxh3 65. Qg3+ Kb7 66.
gxh3 Qxh4 67. Qd6 Rc8 68. Qxe6 Qe4 69. Qxf6 Qxd3 70. Rg1 Rc7 71. Rg7 Qe2+ 72.
Kh1 Qf3+ 73. Kh2 Qf2+ 74. Kh1 Qf1+ 75. Kh2 Qe2+ 76. Kh1 Qe1+ 77. Kh2 Qd2+ 78.
Kh1 Qd1+ 79. Kh2 Qd2+ 80. Kh1 Qd1+ 81. Kh2 Qe2+ 82. Kh1 1/2-1/2

[Event "Barbera op"]
[Site "Barbera del Valles"]
[Date "2013.07.04"]
[Round "1"]
[White "Anurag, M."]
[Black "Basencyan, M."]
[Result "1-0"]
[WhiteElo "2418"]
[BlackElo "2130"]
[PlyCount "89"]
[EventDate "2013.??.??"]
[EventType "swiss"]
[EventRounds "9"]

1. e4 e5 2. Nf3 Nc6 3. Bb5 a6 4. Ba4 Nf6 5. O-O Be7 6. Qe2 b5 7. Bb3 O-O 8. d4
d6 9. dxe5 Nxe5 10. Nxe5 dxe5 11. Rd1 Qe8 12. Nc3 c6 13. Bg5 Nd7 14. Qh5 Bxg5
15. Qxg5 Nc5 16. f3 Kh8 17. Rd2 h6 18. Qe3 Qe7 19. Rad1 Be6 20. Rd6 Nxb3 21.
axb3 Rad8 22. Qc5 Rxd6 23. Qxd6 Qxd6 24. Rxd6 Rc8 25. Na2 a5 26. Nc1 c5 27. Nd3
c4 28. bxc4 bxc4 29. Nxe5 Rb8 30. f4 g6 31. Ra6 Kg7 32. h3 g5 33. g3 gxf4 34.
gxf4 Rb5 35. h4 Rxb2 36. f5 Bc8 37. f6+ Kh7 38. Rxa5 Be6 39. Ra7 Rxc2 40. h5
Kg8 41. Ng6 Kh7 42. Nf8+ Kg8 43. Ra8 Rc1+ 44. Kf2 Rc2+ 45. Ke1 1-0

[Event "Barbera op"]
[Site "Barbera del Valles"]
[Date "2013.07.04"]
[Round "1"]
[White "Aryan, Ch"]
[Black "Pulvett, D."]
[Result "1-0"]
[WhiteElo "2122"]
[BlackElo "2405"]
[PlyCount "49"]
[EventDate "2013.??.??"]
[EventType "swiss"]
[EventRounds "9"]

1. e4 c5 2. Nf3 d6 3. d4 cxd4 4. Nxd4 Nf6 5. Nc3 a6 6. Be2 e6 7. O-O Be7 8. f4
Qc7 9. Be3 O-O 10. g4 Nc6 11. g5 Nd7 12. f5 Nde5 13. f6 Bd8 14. Bd3 g6 15. Qe1
Nxd3 16. Qh4 h5 17. gxh6 Kh7 18. Nf3 Nde5 19. Ng5+ Kh8 20. h7 Bd7 21. h3 Nb4
22. Qh6 Bxf6 23. Rxf6 Nxc2 24. Raf1 Qc4 25. Nxf7+ 1-0

[Event "Barbera op"]
[Site "Barbera del Valles"]
[Date "2013.07.04"]
[Round "1"]
[White "Bergez, L."]
[Black "Porta Tovar, O."]
[Result "1/2-1/2"]
[WhiteElo "2395"]
[BlackElo "2113"]
[PlyCount "89"]
[EventDate "2013.??.??"]
[EventType "swiss"]
[EventRounds "9"]

1. e4 e5 2. Nf3 Nc6 3. Bc4 Nf6 4. d3 Be7 5. Nbd2 O-O 6. Bb3 d5 7. O-O Re8 8. h3
Bf8 9. Re1 Be6 10. Ng5 Nd4 11. Nxe6 Rxe6 12. c3 Nxb3 13. Qxb3 dxe4 14. dxe4 h6
15. Nc4 Bc5 16. Rd1 Qc8 17. Qc2 b5 18. Ne3 Bxe3 19. Bxe3 a6 20. a4 Qb7 21. f3
Rae8 22. axb5 axb5 23. Qb3 Ra6 24. Qb4 Qc6 25. Rxa6 Qxa6 26. Qc5 Qa4 27. Rd2
Qc4 28. Qxc4 bxc4 29. Bc5 g5 30. g4 Kg7 31. Kf2 Re6 32. Ke2 h5 33. Rd1 h4 34.
Ra1 Nd7 35. Be3 f6 36. Rd1 Rd6 37. Rxd6 cxd6 38. Kd2 Kf7 39. Kc2 Ke6 40. b3
cxb3+ 41. Kxb3 Nf8 42. Kc4 Ng6 43. Kb5 Kd7 44. c4 Nf8 45. c5 1/2-1/2

[Event "Barbera op"]
[Site "Barbera del Valles"]
[Date "2013.07.04"]
[Round "1"]
[White "Bijlsma, N."]
[Black "Sachdev, T."]
[Result "1/2-1/2"]
[WhiteElo "2166"]
[BlackElo "2430"]
[PlyCount "109"]
[EventDate "2013.??.??"]
[EventType "swiss"]
[EventRounds "9"]

1. e4 e5 2. Nf3 Nc6 3. Bb5 a6 4. Ba4 Nf6 5. Qe2 b5 6. Bb3 Be7 7. O-O O-O 8. c3
d6 9. Rd1 Na5 10. Bc2 c5 11. d4 Qc7 12. d5 Nc4 13. b3 Nb6 14. a4 Rb8 15. Nbd2
Re8 16. Nf1 Nbd7 17. h3 Nf8 18. Be3 Bd7 19. Qd2 Ng6 20. Ng3 Rec8 21. Ne2 c4 22.
axb5 cxb3 23. b6 Qd8 24. Bd3 Bb5 25. Rdb1 Nd7 26. Rxa6 Bxa6 27. Bxa6 Rc5 28.
Rxb3 Ra5 29. Bb5 Nxb6 30. c4 Nd7 31. Nc3 Qc7 32. Ne1 Nc5 33. Rb1 h6 34. Nc2 Bg5
35. Bxg5 hxg5 36. Qxg5 Nf4 37. Kh2 Na4 38. Nxa4 Rxa4 39. Ne3 Ra2 40. Nf5 f6 41.
Qg3 Rb7 42. c5 Qxc5 43. Ba6 Nh5 44. Qg6 Rxb1 45. Qe8+ Kh7 46. Qxh5+ Kg8 47.
Qe8+ Kh7 48. Qf7 Rh1+ 49. Kxh1 Qc1+ 50. Kh2 Qf4+ 51. Ng3 Qxf2 52. Qh5+ Kg8 53.
Qe8+ Kh7 54. Qh5+ Kg8 55. Qe8+ 1/2-1/2

[Event "Barbera op"]
[Site "Barbera del Valles"]
[Date "2013.07.04"]
[Round "1"]
[White "Bivol, A."]
[Black "Narayanan, S."]
[Result "1/2-1/2"]
[WhiteElo "2207"]
[BlackElo "2475"]
[PlyCount "63"]
[EventDate "2013.??.??"]
[EventType "swiss"]
[EventRounds "9"]

1. e4 c5 2. Nf3 d6 3. d4 cxd4 4. Nxd4 Nf6 5. Nc3 a6 6. h3 e6 7. g4 Be7 8. Bg2
Nfd7 9. O-O O-O 10. Be3 Nc6 11. f4 Nxd4 12. Qxd4 e5 13. Qd2 exf4 14. Bxf4 Ne5
15. Nd5 Be6 16. b3 b5 17. Rad1 Bxd5 18. exd5 Ng6 19. Be3 Re8 20. g5 Bf8 21. Rf2
Rb8 22. Bd4 Rb7 23. Bf1 Ne5 24. h4 Qc8 25. Qf4 g6 26. Qg3 Rbe7 27. Bh3 Qb7 28.
Bg2 Bg7 29. c3 Qd7 30. Bh3 Qb7 31. Bg2 Qd7 32. Bh3 1/2-1/2

[Event "Barbera op"]
[Site "Barbera del Valles"]
[Date "2013.07.04"]
[Round "1"]
[White "Capellades Subirana, M."]
[Black "Cabrera, A."]
[Result "1/2-1/2"]
[WhiteElo "2260"]
[BlackElo "2525"]
[PlyCount "94"]
[EventDate "2013.??.??"]
[EventType "swiss"]
[EventRounds "9"]

1. e4 d6 2. Nf3 g6 3. d4 Bg7 4. c3 Nf6 5. e5 dxe5 6. Nxe5 O-O 7. Be2 c5 8. dxc5
Qc7 9. Nd3 Nbd7 10. O-O Ne4 11. Be3 Nexc5 12. Nxc5 Nxc5 13. Qd5 Na4 14. Qb3 Bd7
15. Bb5 Bxb5 16. Qxb5 Qc6 17. Qb3 b5 18. Na3 Rfb8 19. Nc2 a5 20. Nd4 Qc4 21.
Qc2 e5 22. Ne2 Qe6 23. f3 Rc8 24. Qb3 Qxb3 25. axb3 Nxb2 26. Ra2 Nd3 27. Rfa1
a4 28. bxa4 bxa4 29. Rxa4 Rab8 30. R4a2 f5 31. Rd1 Nb2 32. Rb1 Nc4 33. Rxb8
Rxb8 34. Bc5 Bh6 35. Bb4 Be3+ 36. Kf1 h5 37. Ng3 h4 38. Nh1 Rd8 39. Ke2 Bg1 40.
Be7 Rd5 41. Bxh4 Bxh2 42. Bg5 Bg1 43. Nf2 Kf7 44. Ra7+ Kf8 45. Ra8+ Kf7 46.
Ra7+ Kf8 47. Ra8+ Kf7 1/2-1/2

[Event "Barbera op"]
[Site "Barbera del Valles"]
[Date "2013.07.04"]
[Round "1"]
[White "Carrasco Rodriguez, J."]
[Black "Fluvia Poyatos, Jordi"]
[Result "0-1"]
[WhiteElo "2183"]
[BlackElo "2445"]
[PlyCount "102"]
[EventDate "2013.??.??"]
[EventType "swiss"]
[EventRounds "9"]

1. e4 c5 2. Nf3 d6 3. d4 cxd4 4. Nxd4 Nf6 5. Nc3 g6 6. Be3 Bg7 7. f3 a6 8. Qd2
Nbd7 9. O-O-O b5 10. Kb1 Bb7 11. a3 Rc8 12. Bd3 O-O 13. Nde2 Ne5 14. Bh6 d5 15.
Bxg7 Kxg7 16. exd5 Nxd5 17. Nxd5 Qxd5 18. Qe3 Qc5 19. Qxc5 Rxc5 20. Nc3 Nxd3
21. Rxd3 Rfc8 22. Rd7 R5c7 23. Rhd1 g5 24. R1d4 f5 25. Kc1 Bc6 26. Rxc7 Rxc7
27. Kd2 h5 28. Ke2 g4 29. Kf2 Kf6 30. f4 h4 31. Nd1 Rc8 32. Ne3 Ke6 33. c4 Rg8
34. cxb5 axb5 35. Rd2 g3+ 36. hxg3 hxg3+ 37. Ke2 Be4 38. Rd4 Rh8 39. Rb4 Rh4
40. Nf1 Rg4 41. Rb3 Bxg2 42. Nxg3 Bd5 43. Re3+ Kf6 44. Kd3 e6 45. Kc3 Kf7 46.
Ne2 Bc4 47. Nd4 Rxf4 48. b3 Bd5 49. Nxb5 Rf1 50. Nd4 f4 51. Rh3 e5 0-1

[Event "Barbera op"]
[Site "Barbera del Valles"]
[Date "2013.07.04"]
[Round "1"]
[White "Diaz Camallonga, C."]
[Black "Asis Gargatagli, H."]
[Result "0-1"]
[WhiteElo "2216"]
[BlackElo "2487"]
[PlyCount "52"]
[EventDate "2013.??.??"]
[EventType "swiss"]
[EventRounds "9"]

1. e4 c5 2. Nf3 d6 3. d4 cxd4 4. Nxd4 Nf6 5. Nc3 a6 6. Be2 e5 7. Nb3 Be7 8. O-O
O-O 9. Be3 Be6 10. Qd2 Nbd7 11. a4 Qc7 12. f3 Rac8 13. a5 Rfd8 14. Rfe1 Qc6 15.
Red1 Nf8 16. Bb6 Rd7 17. Rac1 d5 18. exd5 Nxd5 19. Nxd5 Rxd5 20. Bd3 Ng6 21.
Qf2 f5 22. Nd2 Rxa5 23. c4 Rc5 24. Ba7 b6 25. b4 Qb7 26. Kh1 R5c6 0-1

[Event "Barbera op"]
[Site "Barbera del Valles"]
[Date "2013.07.04"]
[Round "1"]
[White "Escobar Forero, A."]
[Black "Salazar, AC."]
[Result "0-1"]
[WhiteElo "2466"]
[BlackElo "2200"]
[PlyCount "82"]
[EventDate "2013.??.??"]
[EventType "swiss"]
[EventRounds "9"]

1. e4 c5 2. Nf3 d6 3. d4 cxd4 4. Qxd4 Bd7 5. Bc4 Nc6 6. Qd3 Nf6 7. O-O e6 8.
Nc3 a6 9. Bf4 b5 10. Bb3 b4 11. Nd5 exd5 12. exd5 Ne7 13. Rfe1 Qb6 14. a3 Ng4
15. Qd2 bxa3 16. Rxa3 f6 17. Nd4 g5 18. h3 Ne5 19. Be3 Qb7 20. Ne6 Nf5 21. Ba2
Be7 22. Rb3 Bb5 23. Rb4 Rc8 24. f4 Nxe3 25. Rxe3 gxf4 26. Rxf4 Bc4 27. Rxe5
Bxa2 28. Re3 Qxd5 29. Nd4 Rg8 30. b3 Bb1 31. Rfe4 Rxc2 32. Rxe7+ Kd8 33. Ne6+
Qxe6 34. Qa5+ Kxe7 35. Rxe6+ Kxe6 36. g4 Rc1+ 37. Kf2 Rgc8 38. Qxa6 R8c3 39.
Qa8 Bg6 40. h4 R1c2+ 41. Ke1 Rg3 0-1

[Event "Barbera op"]
[Site "Barbera del Valles"]
[Date "2013.07.04"]
[Round "1"]
[White "Flores Rios, M."]
[Black "Thakur, A."]
[Result "1/2-1/2"]
[WhiteElo "2492"]
[BlackElo "2234"]
[PlyCount "68"]
[EventDate "2013.??.??"]
[EventType "swiss"]
[EventRounds "9"]

1. d4 d5 2. c4 c6 3. Nf3 Nf6 4. e3 g6 5. Nc3 Bg7 6. Be2 O-O 7. O-O dxc4 8. Bxc4
Bg4 9. h3 Bxf3 10. Qxf3 Nbd7 11. Rd1 e5 12. d5 e4 13. Nxe4 Nxe4 14. Qxe4 Nb6
15. Be2 Nxd5 16. Qc2 Qb6 17. g3 Rfd8 18. Rb1 Nc7 19. Bd2 Ne6 20. b4 a6 21. a4
Qc7 22. Rdc1 Qe5 23. Be1 Rac8 24. b5 axb5 25. axb5 c5 26. b6 Ng5 27. Rb5 Bf8
28. Bc3 Qe4 29. Qb2 Rd5 30. Bf6 Be7 31. Bxe7 Qxe7 32. Qc2 Ne4 33. Bf3 f5 34.
Qc4 Qe6 1/2-1/2

[Event "Barbera op"]
[Site "Barbera del Valles"]
[Date "2013.07.04"]
[Round "1"]
[White "Garriga Cazorla, P."]
[Black "Martynov, P."]
[Result "1/2-1/2"]
[WhiteElo "2071"]
[BlackElo "2321"]
[PlyCount "67"]
[EventDate "2013.??.??"]
[EventType "swiss"]
[EventRounds "9"]

1. Nf3 Nf6 2. g3 g6 3. Bg2 Bg7 4. O-O O-O 5. d4 d5 6. b3 c5 7. e3 Nc6 8. Bb2
cxd4 9. exd4 Bf5 10. Ne5 Rc8 11. Nxc6 Rxc6 12. Na3 Be4 13. f3 Bf5 14. g4 Be6
15. h3 h5 16. Qd3 Qc7 17. Rad1 a6 18. Qe2 b5 19. c3 Rb8 20. Rfe1 Bh6 21. Qe5
Qd8 22. Qg3 Bg7 23. Bf1 Rb7 24. Nc2 a5 25. Ne3 Qb8 26. Qxb8+ Rxb8 27. Kf2 Bh6
28. Bd3 Bg5 29. Ng2 Bh6 30. Ne3 Bf8 31. Rg1 Bg7 32. Rge1 Rc7 33. Kg3 Ra7 34.
Nc2 1/2-1/2

[Event "Barbera op"]
[Site "Barbera del Valles"]
[Date "2013.07.04"]
[Round "1"]
[White "Grigoryan, KH."]
[Black "Gomez Jurado, LA."]
[Result "1-0"]
[WhiteElo "2550"]
[BlackElo "2273"]
[PlyCount "65"]
[EventDate "2013.??.??"]
[EventType "swiss"]
[EventRounds "9"]

1. d4 Nf6 2. c4 e6 3. Nc3 d5 4. cxd5 exd5 5. Bg5 Bb4 6. e3 Nbd7 7. Bd3 c5 8.
Nge2 c4 9. Bc2 O-O 10. O-O Qa5 11. f3 Re8 12. Qc1 h6 13. Bh4 Be7 14. Be1 Qd8
15. e4 Nb6 16. e5 Nh7 17. Qb1 Nf8 18. f4 f6 19. Bf2 fxe5 20. dxe5 Bg4 21. f5
Bxe2 22. Nxe2 Nbd7 23. e6 Bf6 24. Rd1 Nb8 25. Be4 Nc6 26. Bxd5 Ne7 27. Bxb7 Qa5
28. Bxa8 Rxa8 29. Bd4 Nxf5 30. Bxf6 gxf6 31. Qe4 Re8 32. Nf4 Qe5 33. Re1 1-0

[Event "Barbera op"]
[Site "Barbera del Valles"]
[Date "2013.07.04"]
[Round "1"]
[White "Hayrapetyan, H."]
[Black "Navarrete Espi, S."]
[Result "1-0"]
[WhiteElo "2486"]
[BlackElo "2214"]
[PlyCount "79"]
[EventDate "2013.??.??"]
[EventType "swiss"]
[EventRounds "9"]

1. d4 Nf6 2. Nf3 g6 3. c4 Bg7 4. Nc3 O-O 5. Bg5 h6 6. Bh4 d6 7. e3 c5 8. Be2
cxd4 9. exd4 Bg4 10. O-O Nc6 11. d5 Bxf3 12. Bxf3 Ne5 13. Be2 Rc8 14. b3 Qa5
15. Rc1 a6 16. f4 Ned7 17. Be1 Qa3 18. Rc2 b5 19. cxb5 Qc5+ 20. Bf2 Qb4 21. Bc4
axb5 22. Nxb5 Ne4 23. Qe1 Qxe1 24. Rxe1 Nxf2 25. Kxf2 Nb6 26. Rxe7 Nxd5 27. Rd7
Nb6 28. Rxd6 Nxc4 29. bxc4 Rc5 30. Rd5 Rc6 31. Nd4 Rc7 32. Nb3 Ra8 33. c5 Rca7
34. Rdd2 Rc7 35. Rc4 Rb8 36. c6 Rb6 37. Na5 Ra6 38. Rd7 Raa7 39. Rxc7 Rxc7 40.
Nb7 1-0

[Event "Barbera op"]
[Site "Barbera del Valles"]
[Date "2013.07.04"]
[Round "1"]
[White "Jareño Badenas, A."]
[Black "Perpinya Rofes, LM."]
[Result "0-1"]
[WhiteElo "2114"]
[BlackElo "2400"]
[PlyCount "42"]
[EventDate "2013.??.??"]
[EventType "swiss"]
[EventRounds "9"]

1. e4 c5 2. Nf3 d6 3. d4 Nf6 4. Nc3 cxd4 5. Qxd4 a6 6. Bg5 Nc6 7. Qd2 e6 8.
O-O-O Be7 9. Nd4 Bd7 10. f3 O-O 11. h4 b5 12. Nxc6 Bxc6 13. g4 Rc8 14. Bf4 b4
15. Ne2 Qa5 16. Kb1 Nxe4 17. Qe3 Nf6 18. g5 Nd5 19. Qc1 b3 20. axb3 Nb4 21. Qe3
Bxf3 0-1

[Event "Barbera op"]
[Site "Barbera del Valles"]
[Date "2013.07.04"]
[Round "1"]
[White "Lacasta Palacio, J."]
[Black "Vassallo Barroche, M."]
[Result "1/2-1/2"]
[WhiteElo "2171"]
[BlackElo "2434"]
[PlyCount "109"]
[EventDate "2013.??.??"]
[EventType "swiss"]
[EventRounds "9"]

1. d4 Nf6 2. g3 c5 3. d5 g6 4. Bg2 Bg7 5. Nc3 d6 6. e4 Na6 7. Nge2 O-O 8. O-O
Nc7 9. a4 b6 10. h3 Bb7 11. Be3 Qd7 12. Qd2 Rfe8 13. Rad1 Rad8 14. Bh6 Bh8 15.
g4 e6 16. Ng3 Ba6 17. Rfe1 exd5 18. exd5 Rxe1+ 19. Rxe1 Re8 20. Rxe8+ Nfxe8 21.
b3 Qe7 22. Nce4 Bc8 23. Bg5 f6 24. Bf4 Bg7 25. c4 a5 26. Qd1 Qf8 27. Bd2 Bd7
28. Nc3 Qe7 29. Nce4 Qf8 30. Nc3 Na6 31. Nb5 Qe7 32. Bc3 Nac7 33. Qa1 Nxb5 34.
axb5 Bh6 35. Qd1 Bf4 36. Ne2 Be5 37. Bd2 f5 38. f4 Bb2 39. g5 h6 40. h4 hxg5
41. hxg5 Qg7 42. Be3 Kf7 43. Qd3 Qh8 44. Bd2 Ke7 45. Qc2 Bg7 46. Be3 Kd8 47.
Bf2 Ba1 48. Be1 Bd4+ 49. Kf1 Bg7 50. Qd3 Kc7 51. Bc3 Qh4 52. Qh3 Qxh3 53. Bxh3
Bxc3 54. Nxc3 Ng7 55. Kf2 1/2-1/2

[Event "Barbera op"]
[Site "Barbera del Valles"]
[Date "2013.07.04"]
[Round "1"]
[White "Larsen, K."]
[Black "Lopez Martinez, JM."]
[Result "0-1"]
[WhiteElo "2270"]
[BlackElo "2547"]
[PlyCount "87"]
[EventDate "2013.??.??"]
[EventType "swiss"]
[EventRounds "9"]

1. e4 c5 2. Nf3 e6 3. g3 Nc6 4. Bg2 Nf6 5. Nc3 d6 6. O-O Be7 7. d3 a6 8. Nd2
Qc7 9. a4 Rb8 10. f4 b5 11. axb5 axb5 12. h3 O-O 13. g4 Nd4 14. g5 Nd7 15. Ne2
Nxe2+ 16. Qxe2 e5 17. Nf3 exf4 18. Bxf4 Ne5 19. Nh2 Be6 20. h4 f6 21. Bxe5 dxe5
22. gxf6 Bxf6 23. Nf3 Bg4 24. Qe3 Bxf3 25. Rxf3 Bxh4 26. Bh3 Qe7 27. Raf1 g6
28. Rxf8+ Rxf8 29. Be6+ Qxe6 30. Rxf8+ Kxf8 31. Qh6+ Kg8 32. Qxh4 Qd6 33. Qg4
Qe7 34. Qc8+ Kg7 35. Qc6 b4 36. Qd5 h5 37. c3 Qg5+ 38. Kf2 bxc3 39. bxc3 h4 40.
Qxc5 h3 41. Qa7+ Kh6 42. Qa8 Qf4+ 43. Ke2 h2 44. Qh8+ 0-1

[Event "Barbera op"]
[Site "Barbera del Valles"]
[Date "2013.07.04"]
[Round "1"]
[White "Laxman, RR."]
[Black "Sayrol Clols, JM."]
[Result "1-0"]
[WhiteElo "2401"]
[BlackElo "2117"]
[PlyCount "73"]
[EventDate "2013.??.??"]
[EventType "swiss"]
[EventRounds "9"]

1. d4 Nf6 2. c4 e6 3. Nf3 d5 4. g3 Bb4+ 5. Bd2 Be7 6. Bg2 O-O 7. O-O c6 8. Qc2
Ne4 9. Bf4 Nd7 10. Nfd2 f5 11. f3 Nxd2 12. Nxd2 Bf6 13. Be3 e5 14. cxd5 exd4
15. Bf2 Ne5 16. Bxd4 Qxd5 17. Bc5 Rd8 18. Rfd1 Qf7 19. f4 Ng6 20. Nc4 Be6 21.
Nd6 Qc7 22. Nxf5 Bxf5 23. Qxf5 Bxb2 24. Rab1 Rxd1+ 25. Rxd1 Rd8 26. Qe6+ Kh8
27. Rxd8+ Qxd8 28. Bxa7 Ne7 29. Qb3 Bd4+ 30. Bxd4 Qxd4+ 31. e3 Qd7 32. e4 Qd4+
33. Kf1 b5 34. Bf3 h6 35. Qe6 Qc5 36. e5 Nd5 37. Qe8+ 1-0

[Event "Barbera op"]
[Site "Barbera del Valles"]
[Date "2013.07.04"]
[Round "1"]
[White "Lorenzo de la Riva, L."]
[Black "Amores Gago, J."]
[Result "1-0"]
[WhiteElo "2433"]
[BlackElo "2167"]
[PlyCount "67"]
[EventDate "2013.??.??"]
[EventType "swiss"]
[EventRounds "9"]

1. e4 d5 2. exd5 Qxd5 3. Nc3 Qa5 4. d4 Nf6 5. Nf3 Bg4 6. h3 Bh5 7. g4 Bg6 8.
Ne5 e6 9. Bg2 c6 10. O-O Nbd7 11. f4 Bb4 12. g5 Nd5 13. Nxd7 Kxd7 14. Ne4 Rad8
15. c3 Bd6 16. Nxd6 Kxd6 17. Qe2 Ne7 18. a4 Nf5 19. b4 Qc7 20. b5 Ng3 21. Qf2
Nf5 22. Ba3+ Kd7 23. bxc6+ bxc6 24. c4 Rc8 25. d5 cxd5 26. cxd5 Qb6 27. dxe6+
fxe6 28. Rad1+ Ke8 29. Qxb6 axb6 30. Rfe1 Rc3 31. Rxe6+ Kf7 32. Bd5 Rd8 33.
Rd6+ Ke8 34. Bc6+ 1-0

[Event "Barbera op"]
[Site "Barbera del Valles"]
[Date "2013.07.04"]
[Round "1"]
[White "Narciso Dublan, M."]
[Black "Gonzalez Fuente, C."]
[Result "1-0"]
[WhiteElo "2536"]
[BlackElo "2269"]
[PlyCount "99"]
[EventDate "2013.??.??"]
[EventType "swiss"]
[EventRounds "9"]

1. d4 Nf6 2. c4 e6 3. Nc3 Bb4 4. Qc2 c5 5. dxc5 Na6 6. a3 Bxc3+ 7. Qxc3 Nxc5 8.
f3 d6 9. Nh3 e5 10. Nf2 Be6 11. e4 O-O 12. Be2 b5 13. Be3 Rc8 14. b3 bxc4 15.
bxc4 Rc6 16. O-O Qc7 17. Rfc1 Rc8 18. Rab1 h6 19. Qe1 Nfd7 20. Nd1 f5 21. Nc3
fxe4 22. Nb5 Qb8 23. Nd4 Rb6 24. Nxe6 Nxe6 25. Bxb6 Nxb6 26. fxe4 Nd4 27. Bf1
Rc5 28. Qh4 Qc7 29. h3 Ra5 30. Rc3 Qc5 31. Kh1 Rxa3 32. Rxa3 Qxa3 33. Qe1 Qc5
34. Qb4 Qc6 35. Bd3 Kh7 36. Ra1 Nc8 37. Qa4 Qc5 38. Qd7 a5 39. Rf1 Nb6 40. Qf7
Qa3 41. Rf6 Qc1+ 42. Bf1 Qg5 43. Rxd6 Na4 44. Ra6 Nc5 45. Rxa5 Nce6 46. Qf2 Nf4
47. Kh2 Qe7 48. g3 Nfe6 49. Rxe5 Nc6 50. Qf5+ 1-0

[Event "Barbera op"]
[Site "Barbera del Valles"]
[Date "2013.07.04"]
[Round "1"]
[White "Ortiz Suarez, IR."]
[Black "Arjun, B."]
[Result "1-0"]
[WhiteElo "2612"]
[BlackElo "2298"]
[PlyCount "81"]
[EventDate "2013.??.??"]
[EventType "swiss"]
[EventRounds "9"]

1. d4 d5 2. c4 c6 3. Nc3 Nf6 4. e3 Bf5 5. cxd5 cxd5 6. Qb3 Nc6 7. Qxb7 Bd7 8.
Qb3 Rb8 9. Qd1 e5 10. Nf3 Bd6 11. dxe5 Nxe5 12. Be2 O-O 13. O-O Rb6 14. Nd4 Bb8
15. Na4 Bxa4 16. Qxa4 Ne4 17. f4 Nd7 18. Bf3 Rh6 19. Nf5 Rf6 20. Bxe4 Nc5 21.
Qb4 Na6 22. Qb7 dxe4 23. Qxe4 Re8 24. Qc4 Rxf5 25. Qxa6 Rd5 26. a4 Bc7 27. Qxa7
Bb6 28. Qa6 Rd1 29. Ra3 Re4 30. Rxd1 Qxd1+ 31. Qf1 Qc2 32. a5 Rxf4 33. Qxf4
Qxc1+ 34. Qf1 Bxe3+ 35. Rxe3 Qxe3+ 36. Kh1 Qa7 37. b4 h5 38. a6 g6 39. b5 Qb6
40. Qa1 Qa7 41. b6 1-0

[Event "Barbera op"]
[Site "Barbera del Valles"]
[Date "2013.07.04"]
[Round "1"]
[White "Prasca Sosa, R."]
[Black "Jordan Arenas, M."]
[Result "1-0"]
[WhiteElo "2426"]
[BlackElo "2153"]
[PlyCount "133"]
[EventDate "2013.??.??"]
[EventType "swiss"]
[EventRounds "9"]

1. e4 e5 2. Nf3 Nc6 3. Bc4 Bc5 4. d3 Nf6 5. Bb3 d6 6. c3 Bb6 7. Nbd2 O-O 8. h3
Ne7 9. Nf1 Ng6 10. Ng3 c6 11. Qc2 h6 12. Bd2 a5 13. Qc1 Kh7 14. Bc2 Re8 15. O-O
Be6 16. d4 Qc7 17. Re1 Rad8 18. Be3 Ng8 19. Nf5 Kh8 20. N3h4 Nxh4 21. Nxh4 d5
22. dxe5 Bxe3 23. Qxe3 Qxe5 24. Nf3 Qc7 25. e5 Ne7 26. Nd4 Qd7 27. Qd3 g6 28.
Qe3 Kg7 29. g4 c5 30. Nxe6+ Qxe6 31. Qxc5 d4 32. Bb3 Qc6 33. cxd4 Qxc5 34. dxc5
Rd2 35. Rad1 Rxb2 36. Rd7 Kf8 37. e6 f5 38. Red1 Rc8 39. Rd8+ Rxd8 40. Rxd8+
Kg7 41. Re8 Nc6 42. gxf5 gxf5 43. Rg8+ Kf6 44. Rf8+ Ke5 45. Rf7 Kf4 46. Rxb7
Nd4 47. Bd5 Rxb7 48. Bxb7 Nxe6 49. c6 Ke5 50. Kg2 Kd6 51. Kg3 Nd4 52. Kf4 a4
53. Bc8 Kxc6 54. Bxf5 Kc5 55. Bg6 Kb4 56. Ke3 Nb5 57. Bf7 Nc3 58. f4 Kc5 59.
Kf3 Nd5 60. Bxd5 Kxd5 61. a3 Ke6 62. Ke4 Kf6 63. f5 Kf7 64. Ke5 Ke7 65. f6+ Kf7
66. Kf5 h5 67. h4 1-0

[Event "Barbera op"]
[Site "Barbera del Valles"]
[Date "2013.07.04"]
[Round "1"]
[White "Raghavi, N."]
[Black "Rios, CC."]
[Result "1/2-1/2"]
[WhiteElo "2097"]
[BlackElo "2360"]
[PlyCount "42"]
[EventDate "2013.??.??"]
[EventType "swiss"]
[EventRounds "9"]

1. e4 c5 2. Nf3 e6 3. g3 Nc6 4. Bg2 Nf6 5. Qe2 d5 6. d3 b6 7. e5 Nd7 8. c4 Be7
9. Nc3 d4 10. Nb5 Bb7 11. Bg5 Qb8 12. Bxe7 Kxe7 13. Nd6 Ncxe5 14. Nxb7 Qxb7 15.
O-O Nc6 16. Ng5 Nf6 17. Rae1 Rac8 18. Nxf7 Kxf7 19. Qxe6+ Kf8 20. Qd6+ Kf7 21.
Qe6+ Kf8 1/2-1/2

[Event "Barbera op"]
[Site "Barbera del Valles"]
[Date "2013.07.04"]
[Round "1"]
[White "Real Pereyra, DC."]
[Black "Plukkel, S."]
[Result "0-1"]
[WhiteElo "2076"]
[BlackElo "2314"]
[PlyCount "58"]
[EventDate "2013.??.??"]
[EventType "swiss"]
[EventRounds "9"]

1. e4 c5 2. Nf3 d6 3. d4 cxd4 4. Nxd4 Nf6 5. Nc3 Nc6 6. Bc4 Qb6 7. Nxc6 bxc6 8.
O-O g6 9. Qe2 Ng4 10. Na4 Qa5 11. Bb3 Bg7 12. Bd2 Qh5 13. h3 Nf6 14. Qd3 O-O
15. c4 g5 16. f4 gxf4 17. Bxf4 Qg6 18. Nc3 Nh5 19. Bh2 Kh8 20. Bc2 Rg8 21. Rf2
c5 22. Rd2 Bd4+ 23. Kh1 Qg5 24. Bd1 Nf4 25. Bxf4 Qxf4 26. Nd5 Qh4 27. Bb3 Rg3
28. Qc2 Bxh3 29. gxh3 Rag8 0-1

[Event "Barbera op"]
[Site "Barbera del Valles"]
[Date "2013.07.04"]
[Round "1"]
[White "Rishi, S."]
[Black "Gutierrez Anso, J."]
[Result "1-0"]
[WhiteElo "2316"]
[BlackElo "2068"]
[PlyCount "62"]
[EventDate "2013.??.??"]
[EventType "swiss"]
[EventRounds "9"]

1. e4 c5 2. Nf3 d6 3. d4 cxd4 4. Nxd4 Nf6 5. Nc3 g6 6. Be3 Bg7 7. f3 Nc6 8. Qd2
O-O 9. Bc4 Bd7 10. Bb3 Nxd4 11. Bxd4 b5 12. O-O a5 13. a3 Rb8 14. Rfe1 a4 15.
Bd5 b4 16. Na2 bxa3 17. bxa3 Qc7 18. Nb4 Rbc8 19. Ba2 e5 20. Bf2 Be6 21. c4
Rfe8 22. Rec1 Nd7 23. Nd5 Qd8 24. Rab1 Nc5 25. Rb5 Rb8 26. Rcb1 Rxb5 27. cxb5
Qb8 28. b6 Bxd5 29. Qxd5 Ne6 30. b7 Bf8 31. Qc6 Rd8 1-0

[Event "Barbera op"]
[Site "Barbera del Valles"]
[Date "2013.07.04"]
[Round "1"]
[White "Ruiz Aguilar, PA."]
[Black "Garcia Playa, D."]
[Result "1-0"]
[WhiteElo "2307"]
[BlackElo "2005"]
[PlyCount "69"]
[EventDate "2013.??.??"]
[EventType "swiss"]
[EventRounds "9"]

1. e4 c5 2. Nf3 Nc6 3. Nc3 Nf6 4. d4 cxd4 5. Nxd4 e5 6. Ndb5 d6 7. Bg5 a6 8.
Bxf6 gxf6 9. Na3 Be6 10. Nc4 Rc8 11. Ne3 Bh6 12. Ncd5 Bxe3 13. Nxe3 Qb6 14. Bd3
Qb4+ 15. Qd2 Qxb2 16. O-O Qd4 17. a3 Rc7 18. Qe2 h5 19. Kh1 Ne7 20. Rad1 Qc5
21. f4 exf4 22. Rxf4 Qe5 23. Rdf1 Rh6 24. Qf2 Kf8 25. h3 Kg7 26. Re1 Qg5 27.
Nf5+ Nxf5 28. exf5 Bd5 29. Re3 h4 30. Rg4 Qxg4 31. hxg4 h3 32. Be4 Bxe4 33.
Rxe4 d5 34. Re3 hxg2+ 35. Kxg2 1-0